000 00678cam a22002171 4500
001 ca 12000612
003 DLC
005 20260227111058.0
008 890121s1911 pau 000 0 eng
010 _aca 12000612
035 _a(OCoLC)19047986
040 _aDLC
_cRPB
_dDLC
042 _apremarc
050 0 0 _aQD341.H9
_bK94
100 1 _aKyriakides, Lucas Petrou.
245 0 2 _aA contribution to the study of the relation between color and constitution in the triphenylmethane series ...
260 _aEaston, Pa.,
_bEschenbach Printing Company,
_c1911.
300 _a29 p.
_c25 cm.
502 _aThesis (SC. D.)--University of Michigan.
650 0 _aTriphenylmethane.
999 _c14650
_d14650